| 000 | 00743nam a22002177a 4500 | ||
|---|---|---|---|
| 005 | 20170124110248.0 | ||
| 010 | _aB-106526 | ||
| 020 |
_c225.00 _a8120324153 |
||
| 035 | _aB-106526 | ||
| 037 | _bCen Lib/Ret | ||
| 040 |
_aDPL _bEN |
||
| 082 |
_a005.13 _bADV |
||
| 110 |
_aNew Delhi.National Institiute of Information Technology _998099 |
||
| 245 | _aAdvanced programming in java / | ||
| 260 |
_bPrentice Hall of India Private Limited _aNew Delhi _c2003 |
||
| 270 |
_bNew Delhi _aM-97, Connaught Circus _e110001 |
||
| 300 |
_avii,303p. : _c24cm(pbk) _bill. |
||
| 650 |
_aJava (Computer program language) -- Syntax. _998100 |
||
| 650 |
_aObject-oriented programming languages. _998101 |
||
| 942 |
_2ddc _cEN _h005.13 _mADV |
||
| 999 |
_c135706 _d135706 |
||